书目信息 |
| 题名: |
子弟书丛钞
|
|
| 作者: | 关德栋 , 周中明 编 | |
| 分册: | 上编 | |
| 出版信息: | 上海 上海古籍出版社 1984.12 |
|
| 页数: | 832页 | |
| 开本: | 20cm | |
| 丛书名: | ||
| 单 册: | ||
| 中图分类: | I239.6 | |
| 科图分类: | ||
| 主题词: | 戏剧文学--剧本--中国 | |
| 电子资源: | ||
| ISBN: | ||
| 000 | 00590nam0 2200205 45 | |
| 001 | 0312221749 | |
| 005 | 20031229162732.6 | |
| 010 | @dCNY3.00 | |
| 100 | @a20031222d1984 km y0chiy0120 ea | |
| 101 | @achi | |
| 105 | @a z 000yy | |
| 200 | 1 | @a子弟书丛钞@h上编@AZi Di Shu Cong Chao@f关德栋,周中明编@FGuan De Dong,Zhou Zhong Ming Bian |
| 210 | @a上海@c上海古籍出版社@d1984.12 | |
| 215 | @a832页@d20cm | |
| 606 | 0 | @a戏剧文学@x剧本@x中国 |
| 690 | @aI239.6@v3 | |
| 701 | 0 | @a关德栋@4编 |
| 701 | 0 | @a周中明@4编 |
| 801 | @aCN@bTSTCL@c20031222 | |
| 905 | @a213230@dI239.6@e61:1@b175098-099@f2 | |
| 子弟书丛钞.上编/关德栋,周中明编.-上海:上海古籍出版社,1984.12 |
| 832页;20cm |
| ISBN :CNY3.00 |
| ● |
| 相关链接 |
|
|
|
|
正题名:子弟书丛钞
索取号:I239.6/61:1
 
预约/预借
| 序号 | 登录号 | 条形码 | 馆藏地/架位号 | 状态 | 备注 |
| 1 | 0175098 | 000963880 | 第二借阅区/ [索取号:I239.6/61:1] | 在馆 | |
| 2 | 0175099 | 000963906 | 第一样本阅览室/ [索取号:I239.6/61:1] | 在馆 |